000 00409nam a22001457a 4500
082 _a355.00994
_bDEF
100 _aGovt of Australia
_948760
245 _aThe Defence forces of Australia
260 _aAustralia
_bTavistock
_c1977
300 _avi, 56 p. :
_bill. :
_c6 Cm
526 _a0
_b0
_c0
_d355_009940000000000_DEF
526 _a0
_b0
_c0
_d355_009940000000000_DEF
650 _aMCE
_9379
942 _2ddc
_cBK
999 _c551610
_d551610